000 00868nam a2200289Ia 4500
005 20260324114805.0
008 008 260324s9999 xx 000 0 eng d
020 _a9781003442899
037 _aEBOOK
040 _aCRL
040 _beng
040 _cCRL
041 _2eng
041 _aeng
084 _qCRL
100 _aAmy Driscoll; Swarup Wood; Dan Shapiro; Nelson Graff; Peggy L. Maki
_91152175
245 0 _aAdvancing Assessment for Student Success
245 0 _bSupporting Learning by Creating Connections Across Assessment, Teaching, Curriculum, and Cocurriculum in Collaboration With Our Colleagues and Our Students
260 _bTaylor and Francis
260 _c2021
365 _a
365 _b230
856 _uhttp://www.taylorfrancis.com/books/9781003442899
942 _cEBOOK
999 _c1742556
_d1742556